000 00315nam a22001337a 4500
008 190305b xxu||||| |||| 00| 0 eng d
020 _a0070327858
041 _aeng
080 _a610.73
100 _a2
101 _aINF
245 _aMedical-Surgical Nursing A Conceptual Approach
_cJones,D.A
942 _2udc
_cBK
999 _c54507
_d54507